000 nam a22 7a 4500
999 _c7610
_d7610
008 170922b xxu||||| |||| 00| 0 eng d
020 _a9788172160814
100 _94114
_aGovindarajular.N.
245 _aTrack & Field
260 _aNew Delhi
_bF.P.
_c2004